000 00587nam a2200181 a 4500
005 20140412111355.0
008 051104s19uu xx 00 eng d
020 _a0-02-661101-5
050 _aTR(GS 372.4
_bB35 L.2 (CWA)
100 _aBereiter, Carl
245 _aComprehension and writing assessment (green), L.2. /
_cCarl Bereiter, et al.
260 _aColumbus, Ohio :
_bSRA/McGraw-Hill Comp,
_c2000.
300 _a146 p.
440 _aSRA open court reading, Green
650 _aReading
_xStudy and teaching
650 _aEnglish language
_xStudy and teaching
999 _c105395
_d105395